De Saint-Nazaire à Aurillac (Départements traversés, sans prendre d'Autoroutes) - Statistiques

Statistiques générales
  • Ce quiz a été pris 271 fois
  • Le résultat moyen est 6 sur 7
Statistiques - réponses
Réponse % Correct
Loire-Atlantique
97%
Cantal
94%
Vienne
92%
Haute-Vienne
90%
Deux-Sèvres
87%
Maine-et-Loire
87%
Corrèze
86%
Aucun quiz correspondant
Distribution des résultats
% des personnes avec chaque résultat
Percentile par nombre de réponses
Votre historique - résultats
Vous n’avez pas pris ce quiz